• 首页
  • 本馆介绍
  • 公告通知
  • 最新文献
  • 馆藏检索
  • 电子资源
  • 读者导购
  • 参考咨询
  • 我的图书馆
  • 登录
  • 详细信息显示
  • 放入我的书架
  • 预约/预借图书
  • 作者相关作品
  • 分类相关作品
  • 丛书相关作品
  • 出版社相关作品

书目信息

  • 表格格式
  • 工作单格式
  • 卡片格式
题名:
搏击海天
    
 
作者: 朱昱 著
分册:  
出版信息: 武汉   武汉大学出版社  2011.06
页数: 169页
开本: 24cm
丛书名: 经典战史回眸
单 册:
中图分类: E926.31 , E926.392
科图分类:
主题词: 舰载飞机--歼击机--介绍--美国 , 舰载飞机 , 歼击机
电子资源:
ISBN: 978-7-307-08540-4
000 00971oam2 2200301 45
001 1359684484
005 20130529083640.29
010    @a978-7-307-08540-4@dCNY25.00
100    @a20130513d2011 em y0chiy50 ea
101 0  @achi
102    @aCN@b420000
105    @aafk z 000yy
106    @ar
200 1  @a搏击海天@ABo Ji Hai Tian@eF4U海盗战机传奇@EF4U Hai Dao Zhan Ji Chuan Qi@f朱昱著@FZhu Yu Zhu
210    @a武汉@c武汉大学出版社@d2011.06
215    @a169页@c图,图版(4页)@d24cm
225 2  @a经典战史回眸@i兵器系列
330    @a本书分为4章,主要内容包括:“海盗”之心;波音顿以及他的“杂牌军”;中太平洋;最后一战。
461  0 @12001 @a经典战史回眸
517 1  @aF4U海盗战机传奇@AF4U Hai Dao Zhan Ji Chuan Qi
606 0  @a舰载飞机@x歼击机@x介绍@y美国
606 0  @a舰载飞机
606 0  @a歼击机
690    @aE926.31@v5
690    @aE926.392@v5
701  0 @a朱昱@AZhu Yu@4著
801    @aCN@bTANGWEI@c20130522
905    @b0833118-23@dE926.31@e30@f6
    
    搏击海天:F4U海盗战机传奇/朱昱著.-武汉:武汉大学出版社,2011.06
    169页:图,图版(4页);24cm.-(经典战史回眸.兵器系列)
    
    
    ISBN 978-7-307-08540-4:CNY25.00
    本书分为4章,主要内容包括:“海盗”之心;波音顿以及他的“杂牌军”;中太平洋;最后一战。
●
相关链接 在E读中查询图书 在五车中查询图书 在当当中查询图书 在豆瓣中查询图书


正题名:搏击海天     索取号:E926.31/30         预约/预借

序号 登录号 条形码 馆藏地/架位号 状态 备注
1 0833118   208331189   第一样本阅览室/ [索取号:E926.31/30] 在馆    
2 0833119   208331198   第一借阅区/ [索取号:E926.31/30] 在馆    
3 0833120   208331205   第一借阅区/ [索取号:E926.31/30] 在馆    
4 0833121   208331214   第一借阅区/ [索取号:E926.31/30] 在馆    
5 0833122   208331223   第一借阅区/ [索取号:E926.31/30] 在馆    
6 0833123   208331232   第一借阅区/ [索取号:E926.31/30] 在馆    
唐山师范学院图书馆 欢迎您!
大连网信软件有限公司© 版权所有